| 000 | 00828nam a22002417a 4500 | ||
|---|---|---|---|
| 999 |
_c73655 _d73655 |
||
| 005 | 20181124124319.0 | ||
| 008 | 130218t xxu||||| |||| 00| 0 eng d | ||
| 010 | _aENG-106668 | ||
| 020 |
_a9788183292146 _c1000.00 |
||
| 035 | _aEN-90201 | ||
| 037 | _bDBAD / PUB | ||
| 040 |
_adpl _bEnglish |
||
| 082 | _a305.420954 | ||
| 100 |
_955100 _aGokhale, Neela |
||
| 245 |
_aWomen in 21st century / _cby Neela Gokhale [and] Vaishali Prasad |
||
| 260 |
_aNew Delhi _bShree Publishers & Distributors _c2011 |
||
| 270 |
_a22/4735, Prakash Deep Building, Ansari Road, Daryaganj _bNew Delhi _e110002 |
||
| 300 |
_axiii, 276p. _c22cm(Hb) |
||
| 500 | _aIncludes bibliographical references and index | ||
| 700 |
_955102 _aPrasad,Vaishali |
||
| 700 |
_aSaxena, Anil, ed. _955140 |
||
| 942 |
_2ddc _cEN _mGOK _h305.420954 |
||